000 00389nam a2200145 a 4500
001 000041445
005 20201002034909.0
008 131004s1992 cu 000 0 spa d
020 _a9590100546
040 _aDO-SdBNP
_bspa
_cBNPHU
082 _axxxxxx
_cxxxxxx
245 0 0 _aConstitución de la República de Cuba.
260 _aLa Habana :
_bPolítica,
_c1992.
300 _a59 p. ;
_c19 cm.
999 _c40935
_d40935